000 01959cam a22004934i 4500
003 PE-LiUPU
005 20250731173548.0
008 150616s r 000 0 d
020 _a1555407609
035 _a(Sirsi) i9781555407605
040 _aPE-LiUPU
_bspa
_cPE-LiUPU
_erda
049 _aPRUA
082 0 4 _a222.11048
_bB84
_221
100 1 _aBrown, William P,
_eautor.
245 1 0 _aStructure, Role, and Ideology in the Hebrew and Greek Texts of Genesis 1:1-2:3 /
_cWilliam P Brown.
264 1 _aAtlanta, Georgia :
_bScholars Press,
_c1993.
300 _a268 páginas ;
_c22 centímetros
336 _atext
_2rdacontent
337 _aunmediated
_2rdamedia
338 _avolume
_2rdacarrier
490 0 _aSBL Dissertation Series ;
_v132
504 _aBibliografía: páginas 253-268.
505 0 _aIntroduction.- The septuagint text of Genesis 1:1-2:3.- The masoteric text of Genesis 1:1-2:3.- The hebrew retroversion of the LXX of Genesis 1:1-2:3.- The role of water in ancient and classical cosmogonies.- Structure and ideology of the vorLXX and the MT of Genesis 1:1-2:3.- Conclusion: The historical relationship
526 _aSEG42
526 _aSEG41
526 _aSEG40
526 _aSEG39
526 _aP94
526 _aP87
526 _aP86
526 _aP85
526 _aP77
526 _aP76
526 _aP35
630 _aBiblia.
_pA.T.
_PG énesis.
_lGriego.
_sSeptuaginta
_xCrítica, intepretación, etc.
650 0 4 _a
910 _ajck
_bjvq
_cjck
942 _2ddc
_cBOOK
949 _a222.11048 B84
_wDEWEY
_c1
_i42937
_lCCODEBUL1
_mBUL
_r0
_sY
_tBOOK
_u2015-6-16
_xTEOLOGIA
_zUNKNOWN
_0COMPRA
_o.STAFF. Colección General
994 _aC0
_bPEPRU
596 _a1
999 _a222.11048 B84
_wDEWEY
_c60904
_i42937
_f2021-11-9
_g5
_lCCODEBUL1
_mBUL
_r0
_sY
_tBOOK
_u2015-6-16
_xTEOLOGIA
_zUNKNOWN
_0COMPRA
_o.STAFF. Colección General
_d60904
980 _81
_gALBERTO SANCHEZ Responsable de Automatización